| 000 | 01150cas a22003137a 4500 | ||
|---|---|---|---|
| 005 | 20220329142036.0 | ||
| 008 | 990413u1942 eesbr pernn 0 ub1spa d | ||
| 010 | _a77473 | ||
| 011 | _a78445 | ||
| 022 | 0 | _a0003-3987 | |
| 035 | _a88376 | ||
| 245 | 0 | 0 |
_aAnales de Edafología y Agrobiología _c/por Instituto Nacional de Edafología y Agrobiología José María Albareda |
| 260 | 0 |
_aMadrid, España : _bInstituto Nacional de Edafología y Agrobiología José María Albareda, _c1942- |
|
| 300 | _av. | ||
| 310 | _aBimestral | ||
| 362 | _av.38 n.1-2, 1979 | ||
| 500 | _aSe dejó de recibir a partir del v.38 n.1-2, 1979 | ||
| 590 |
_aBATCH-UPD _b10 _c20130110 _lUCH01 _h0539 |
||
| 590 |
_aBATCH-UPD _b10 _c20130410 _lUCH01 _h0220 |
||
| 590 |
_aBATCH-UPD _b10 _c20130913 _lUCH01 _h2201 |
||
| 590 |
_aCONVERSION _b10 _c20130109 _lUCH01 _h1343 |
||
| 650 | 1 | 4 |
_aAgrobiología _xPublicaciones periódicas. _92151 |
| 650 | 1 | 4 |
_aSuelos _xPublicaciones periódicas. _9110465 |
| 866 | _av.25 n.1-2 (1966) | ||
| 866 | _av.25 n.5-12 (1966) | ||
| 866 | _av.29 n.1-v.38 n.2 (1970-1979) | ||
| 901 | _aSE | ||
| 905 | _aMa. del Socorro Iturbe C. | ||
| 999 |
_c77473 _d77473 |
||